000 00453nam a22001697a 4500
003 OSt
005 20260128081927.0
008 260128b |||||||| |||| 00| 0 eng d
020 _a978-0-446-60895-4
040 _aDWCL-Main Lib
_cOC
082 _aFic. Sp26a 1999
100 _aSparks, Nicholas
245 _aA walk to remember
260 _aNew York :
_bGrand Central Publishing,
_c c1999.
300 _a240 p. :
_c17 cm.
942 _2ddc
_cFIC.
_mFic.
_n0
999 _c7915
_d7915